000 00389nam a2200157Ia 4500
003 OSt
005 20230529104423.0
008 211028s2015 xx 000 0 und d
040 _cAIMIT LIBRARY
041 _aeng
100 _aBalaraj, J; Santhosh, B.
_98562
_e131904
110 _aSanthosh B
_98563
245 _aContinuous automation.
260 _aMangalore
_c2015
942 _2ddc
_cPRO
999 _c219950
_d219950